| 000 | 00616nam a2200241Ia 4500 | ||
|---|---|---|---|
| 003 | OSt | ||
| 005 | 20220924115023.0 | ||
| 006 | a|||||r|||| 00| 0 | ||
| 007 | ta | ||
| 008 | GUJ | ||
| 024 | _a226720 | ||
| 037 | _cTextual | ||
| 040 |
_aARTS _cARTS _bGUJ |
||
| 041 |
_2GUJ _aGUJ |
||
| 082 | _aO156,2NMAx, 111P0 | ||
| 100 |
_aRye Madhu _9176457 |
||
| 245 | 0 | _aTell me the name of a flower and the terrace | |
| 260 |
_aCalcutta _bSeagull _c2000 |
||
| 300 |
_a131p _ccm. |
||
| 650 | _aGUJRATI LITERATURE | ||
| 942 |
_hO156,2NMAx, 111P0 _cTEXL _2CC |
||
| 999 |
_c396407 _d396407 |
||